Responses for show #1832 - Tuesday, July 14, 1992

1992 Seniors Tournament semifinal game 2.

Contestants

[<< previous game]

Lucy Schilling, a writer from Indianapolis, Indiana

Carolyn Meek, a high school English teacher from Houston, Texas

Pat Fine, a retired teacher from Buena Park, California

[next game >>]

Jeopardy! Round responses

PARIS
MOVIE SONGS
FAMOUS FIRSTS
FICTIONAL SENIORS
LIBRARIES
"BIG" & "LITTLE"
    $100 9
the sewers

Carolyn
    $100 15
somewhere over the rainbow

Pat
    $100 22
E pluribus unum

Carolyn
    $100 4
(Ebenezer) Scrooge

Carolyn
    $100 1
Vermont

Pat
    $100 10
Big Brother

Lucy
    $200 20
Lights

Lucy
    $200 16
the Rio Grande

Pat
    $200 25
(Lucy: What is the tallest building?)

a skyscraper

Lucy
Triple Stumper
    $200 5
Heidi

Pat
    $200 2
(Carolyn: What is Madison?)
(Lucy: What is Racine?)

Milwaukee

CarolynLucy
Triple Stumper
    $200 11
Big Ben

Lucy
    $300 21
the Latin Quarter

Pat
    $300 17
a jar

Pat
    $300 26
(Pat: What is a stewardess or hostess?)

a pilot

PatCarolyn
    $300 6
Wuthering Heights

Carolyn
    $300 3
the United Nations

Carolyn
    $300 12
Little League

Lucy
    $400 23
the Arc de Triomphe

Triple Stumper
    $400 18
love is a many-splendored thing

Carolyn
    $400 27
Thurgood Marshall

Carolyn
    $400 7
(Pat: What is Lost Horizons?)
(Alex: Yes, [*]. Nope. Oops, I'm sorry, it's my error; we cannot accept Lost Horizons and since I have given the response, we'll have to go on.)

Lost Horizon

Pat
Triple Stumper
    $400 13
Little America

Lucy
    $500 24
(Alex: We have a minute to go.)

Montmartre

Pat
    $500 19
Calamity Jane

Carolyn
    $500 28
[The end-of-round signal sounds.]

Leavenworth

Lucy
    $500 8
Little Women

Lucy
    $500 14
the Big Apple

Lucy

Scores at the first commercial break (after clue 14):

Pat Carolyn Lucy
-$100 $600 $1,800

Scores at the end of the Jeopardy! Round:

Pat Carolyn Lucy
$1,000 $2,300 $2,300

Double Jeopardy! Round responses

MARINE BIOLOGY
20th CENTURY POLITICS
CELEBRITY COUPLES
MYTHOLOGY
REVOLUTIONS & REBELLIONS
THE BLUES
    $200 21
a sponge

Pat
    $200 26
Douglas Wilder

Lucy
    $200 6
Bing Crosby

Lucy
    $200 1
the Styx

Pat
    $200 16
(Carolyn: What's the Communist Party?)

the Bolsheviks

PatCarolyn
    $200 11
baby blue

Carolyn
    $400 22
jellyfish

Pat
    $400 27
Georgia

Pat
    $400 7
Leo Durocher

Carolyn
    $400 2
the Trojan Horse

Pat
    $400 17
(Carolyn: What's the October Revolution?)

the Great Cultural Revolution

Carolyn
Triple Stumper
    $400 12
indigo

Lucy
    $600 23
a clam

Carolyn
    $2,000 28
(Pat: Who is Gordon Liddy?)

John Mitchell

Pat
    $600 8
Joan Crawford

Carolyn
    $600 3
Achilles

Pat
    $600 18
the Industrial Revolution

Lucy
    $600 13
midnight blue

Pat
    $1,000 24
(Carolyn: What's a seahorse?)

a starfish

Carolyn
    $800 29
Mondale

Carolyn
    $800 9
John Daly

Lucy
    $800 4
Oedipus

Carolyn
    $800 19
Zapata

Pat
    $800 14
Wedgwood

Pat
    $1000 25
the Sargasso Sea

Pat
    $1000 30
Ombudsman

Carolyn
    $1000 10
(Pat: Who is Artie Shaw?)

Dick Haymes

PatCarolyn
    $1000 5
Hippolyta

Carolyn
    $1000 20
Hungary

Pat
    $1000 15
(Carolyn: What is... sapphire?)

lapis lazuli

Carolyn
Triple Stumper

Scores at the end of the Double Jeopardy! Round:

Pat Carolyn Lucy
$4,600 $6,100 $4,500

[wagering suggestions for these scores]

Final Jeopardy! Round responses

GERMAN AUTHORS
(Alex: What were you going to write?)
(Lucy: Thomas Mann.)
LucyWho was Ma
$4,500
PatWho is?
$4,600
CarolynWho Goethe?
$3,101
Goethe

Final scores:

Pat Carolyn Lucy
$0 $9,201 $0
2nd place: $5,000 Finalist 3rd place: $5,000

Game dynamics:

Coryat scores:

Pat Carolyn Lucy
$6,600 $7,100 $4,500
19 R,
4 W
(including 1 DD)
18 R,
5 W
(including 1 DD)
13 R,
2 W

Combined Coryat: $18,200

The J! Archive is created by fans, for fans. The Jeopardy! game show and all elements thereof, including but not limited to copyright and trademark thereto, are the property of Jeopardy Productions, Inc. and are protected under law. This website is not affiliated with, sponsored by, or operated by Jeopardy Productions, Inc. Join the discussion at JBoard.tv.